000 00601nam a22001937a 4500
005 20230921104206.0
010 _aENG-138208
020 _a9789355325211
_c575.00
035 _aEN-121740
037 _bDBAD/PUB
082 _a158.1
100 _aMahesh Soma
_957210
245 _aSoft Skills/
_cSoma Mahesh Kumar
_bEnhancing Personal & Professional Science
260 _aTamil Nadu
_bMc Graw Hill Education
_c2023
270 _aAnjana Complex No.5/90A,Butt Road
_bChennai
_e600016
300 _a251
_c23cm(pbk)
700 _aNaik, B. Ravi
_956902
942 _2ddc
_cEN
_h158.1
_mSOM
999 _c198482
_d198482